Detekcia anomálií vo videozáznamoch z bezpečnostných kamier pomocou vision-language modelov

Saved in:
Bibliographic Details
Main Author: Kornhauser, Matúš (Author)
Other Authors: Marák, Pavol (Thesis advisor)
Format: Manuscript Book
Language:Slovak
Published: 2025
Subjects:
Online Access:http://is.stuba.sk/zp/portal_zp.pl?podrobnosti=184402
Tags: Add Tag
No Tags, Be the first to tag this record!

MARC

LEADER 00000ntm a22000003a 4500
001 stuzp102090
003 SK-STU
005 20250614210948.0
007 ta
008 150427s2015----xo-----f-mn---000-0-slo-d
040 |a STU  |b slo 
041 0 |a slo 
100 1 |a Kornhauser, Matúš  |u 035000  |4 aut  |U FEI Fakulta elektrotechniky a informatiky  |T FEI Ústav informatiky a matematiky  |X 111312  |U E050  |Y 816  |7 111312 
242 0 1 |a Anomaly detection in surveillance videos using vision-language models  |y eng 
245 1 0 |a Detekcia anomálií vo videozáznamoch z bezpečnostných kamier pomocou vision-language modelov 
260 |c 2025 
650 4 |a vision-language models  |2 eng 
650 4 |a anomalies  |2 eng 
650 4 |a artificial intelligence  |2 eng 
650 4 |a video  |2 eng 
650 4 |a classification  |2 eng 
650 4 |a anomálie  |2 slo 
650 4 |a umelá inteligencia  |2 slo 
650 4 |a videozáznamy  |2 slo 
650 4 |a klasifikácia  |2 slo 
650 4 |a Vision-language modely  |2 slo 
700 1 |a Marák, Pavol  |u 035000  |k Z1  |4 ths  |U FEI Fakulta elektrotechniky a informatiky  |T FEI Ústav informatiky a matematiky  |X 50790  |U E050  |Y 816  |7 A000050790 
856 4 |u http://is.stuba.sk/zp/portal_zp.pl?podrobnosti=184402